Geography Generator Puzzle #11 - Statistics

General Stats
  • This quiz has been taken 399 times
    389 since last reset
  • The average score is 8 of 21
Answer Stats
hint answer % Correct
the Pacific's ___ of Fire Ring
80%
river in Spanish rio
75%
Country on both Caspian and Arabian Seas Iran
74%
floating oil-drilling platform rig
73%
West African river, 4200 km / 2600 miles Niger
58%
Italy's largest seaport Genoa
53%
Pacific seaport San {Diego}
52%
Russian river, 1950 km, flows through Rostov-on-___ Don
39%
Baltic seaport, on the Daugava River Riga
38%
title of ^^^'s ruler when it was a city-state doge
35%
___age basin; the area that flows into a river drain
34%
German-Polish border river Oder
33%
South African river, 2100 km / 1300 miles Orange
32%
Indian province on the Arabian Sea Goa
28%
9-letter aquatic feature RIO GRANDE
26%
edible seaweed common in Japanese cuisine nori
23%
Texas / Oklahoma border river, 2200 km / 1400 miles Red
23%
desert landscape, like the Nile flows through arid
22%
Largest city, after London, on River Thames Reading
21%
Panamanian/Colombian gulf, also the Gap's name Darién
15%
drowned river valley (3 letters) eg Chesapeake Bay ria
7%
No matching quizzes found
Score Distribution
Percent of People with Each Score
Percentile by Number Answered
Your Score History
You have not taken this quiz since the last reset